• 首页
  • 本馆介绍
  • 公告通知
  • 最新文献
  • 馆藏检索
  • 电子资源
  • 读者导购
  • 参考咨询
  • 我的图书馆
  • 登录
  • 详细信息显示
  • 放入我的书架
  • 预约/预借图书
  • 作者相关作品
  • 分类相关作品
  • 丛书相关作品
  • 出版社相关作品

书目信息

  • 表格格式
  • 工作单格式
  • 卡片格式
题名:
心理与教育测量
    
 
作者: 王书林 著
分册: 上册  
出版信息: 福州   福建教育出版社  2010
页数: 16,10,16,202页
开本: 23cm
丛书名: 二十世纪中国教育名著丛编
单 册:
中图分类: B841.7 , G449
科图分类:
主题词: 心理测量学--研究 , 教育测验--研究 , 心理测量学 , 教育测验
电子资源:
ISBN: 978-7-5334-5172-1
000 01051oam2 2200313 45
001 1138498375
005 20110419111310.43
010    @a978-7-5334-5172-1@dCNY29.00(全3册87.00)
100    @a20110408d2010 em y0chiy0110 ea
101 0  @achi
102    @aCN@b350000
105    @aa z 000yy
106    @ar
200 1  @a心理与教育测量@AXin Li Yu Jiao Yu Ce Liang@h上册@HShang Ce@f王书林著@FWang Shu Lin Zhu
205    @a2版
210    @a福州@c福建教育出版社@d2010
215    @a16,10,16,202页@c图@d23cm
225 2  @a二十世纪中国教育名著丛编
330    @a本书是一本关于心理测量学的书籍。主要内容包括:心理测量学之几个根本观念;智力测验之发达史;教育测量之历史;心理测验之种类及其功用;测量之要素及测验之必备的条件等。
461  0 @12001 @a二十世纪中国教育名著丛编
606 0  @a心理测量学@x研究
606 0  @a教育测验@x研究
606 0  @a心理测量学
606 0  @a教育测验
690    @aB841.7@v4
690    @aG449@v4
701  0 @a王书林@AWang Shu Lin@4著
801  0 @aCN@bTANGWEI@c20110419
905    @b0536286-90@dB841.7@e1050:1=2@f5
    
    心理与教育测量.上册/王书林著.-2版.-福州:福建教育出版社,2010
    16,10,16,202页:图;23cm.-(二十世纪中国教育名著丛编)
    
    
    ISBN 978-7-5334-5172-1:CNY29.00(全3册87.00)
    本书是一本关于心理测量学的书籍。主要内容包括:心理测量学之几个根本观念;智力测验之发达史;教育测量之历史;心理测验之种类及其功用;测量之要素及测验之必备的条件等。
●
相关链接 在E读中查询图书 在五车中查询图书 在当当中查询图书 在豆瓣中查询图书


正题名:心理与教育测量     索取号:B841.7/1050:1=2         预约/预借

序号 登录号 条形码 馆藏地/架位号 状态 备注
1 0536286   205362864   第一样本阅览室/ [索取号:B841.7/1050:1=2] 在馆    
2 0536287   205362873   教育系资料室/ [索取号:B841.7/1050:1=2] 在馆    
3 0536288   205362882   第一借阅区/ [索取号:B841.7/1050:1=2] 在馆    
4 0536289   205362891   第一借阅区/ [索取号:B841.7/1050:1=2] 在馆    
5 0536290   205362908   第一借阅区/ [索取号:B841.7/1050:1=2] 在馆    
唐山师范学院图书馆 欢迎您!
大连网信软件有限公司© 版权所有